000 00393nam a2200133 4500
999 _c512727
_d512727
008 191212b ||||| |||| 00| 0 eng d
100 _aHinchliffe, Daniel
_914468
245 _aInformal-formal partnerships in the Indian electronic waste sector
260 _bVikalpa
300 _a44(3), Jul-Sep, 2019: p.136-138.
773 _aVikalpa
906 _aE-waste management
942 _2ddc
_cAR